| 000 | 00319 a2200133 4500 | ||
|---|---|---|---|
| 001 | 86311 | ||
| 082 | _a297.071 ZAH | ||
| 090 |
_c40576 _d40576 |
||
| 100 | _aZahoor Ahmed Azhar , Prof dr | ||
| 245 | _aIslamyat for Class 8th | ||
| 260 |
_alahore _bsaeed book center _c2013 |
||
| 300 | _a60 p. | ||
| 610 | _aislamyiat | ||
| 942 |
_aNUST-CAE _k297.071 ZAH |
||
| 999 |
_c321384 _d321384 |
||